| Tag |
First Indicator |
Second Indicator |
Subfields |
| LEADER |
00000cam a2200000 a 4500 |
| 001 |
in00000083092 |
| 005 |
20151008055556.0 |
| 007 |
he bm----b--- |
| 008 |
820604r19801980fr a bb i10000 eng d |
| 035 |
|
|
|a (OCoLC)08491766
|
| 035 |
|
|
|9 AAJ3828AM
|
| 040 |
|
|
|a TXA
|c TXA
|d UtOrBLW
|
| 041 |
0 |
|
|a eng
|a fre
|
| 049 |
|
|
|a TXAI
|
| 099 |
|
|
|a fiche
|a S
|a 145
|a no. 287
|
| 245 |
0 |
0 |
|a Spatial disorientation in flight :
|b current problems : papers presented at the Aerospace Medical Panel Specialist' Meeting held in Bod, Norway, 20-23 May 1980 /
|c edited by G. Perdriel and A.J. Benson.
|
| 264 |
|
1 |
|a [Neuilly sur Seine, France] :
|b North Atlantic Treaty Organization, Advisory Group for Aerospace Research and Development,
|c 1980.
|
| 300 |
|
|
|a 97 pages in various pagings :
|b illustrations ;
|c 30 cm.
|
| 336 |
|
|
|a text
|b txt
|2 rdacontent
|
| 337 |
|
|
|a microform
|b h
|2 rdamedia
|
| 338 |
|
|
|a microfiche
|b he
|2 rdacarrier
|
| 490 |
1 |
|
|a AGARD conference proceedings ;
|v no. 287
|
| 500 |
|
|
|a English and French.
|
| 504 |
|
|
|a Includes bibliographical references.
|
| 533 |
|
|
|a Microfiche.
|b Neuilly sur Seine, France :
|c AGARD, NATO,
|d 1980.
|e 2 microfiches : negative, ill. ; 11 x 15 cm.
|
| 500 |
|
|
|a Microform.
|
| 650 |
|
0 |
|a Space perception
|v Congresses.
|
| 650 |
|
0 |
|a Space flight
|x Physiological effect
|x Congresses.
|
| 650 |
|
0 |
|a Space flight
|x Psychological aspects
|x Congresses.
|
| 700 |
1 |
|
|a Perdriel, G.
|
| 700 |
1 |
|
|a Benson, A. J.
|
| 710 |
2 |
|
|a North Atlantic Treaty Organization.
|b Advisory Group for Aerospace Research and Development.
|b Aerospace Medical Panel.
|
| 830 |
|
0 |
|a AGARD conference proceedings ;
|v no. 287.
|
| 999 |
|
|
|a MARS
|
| 999 |
f |
f |
|s 18cc1ad8-4fa2-3bd2-914b-e443d9dc54d1
|i e044e335-1cd3-3685-9ef9-6099dee7d8e8
|t 0
|
| 952 |
f |
f |
|p normal
|a Texas A&M University
|b College Station
|c Sterling C. Evans Library
|d Evans: Microforms (3rd floor)
|t 0
|e fiche S 145 no. 287
|h Other scheme
|i microform -- microfiche
|m A14832930301
|
| 998 |
f |
f |
|a fiche S 145 no. 287
|t 0
|l Evans: Microforms (3rd floor)
|